[Event "Deutsche Ländermeisterschaft 2022"]
[Site "Wiesbaden GER"]
[Date "2022.10.03"]
[Round "6"]
[White "Hinrichs, Paul"]
[Black "von Mettenheim, Johannes"]
[Result "1/2-1/2"]
[Termination "normal"]
[Board "3.3"]
[WhiteElo "2172"]
[BlackElo "2231"]
[WhiteClock "00:41:20"]
[BlackClock "00:27:18"]
[WhiteTeam "Rheinland-Pfalz"]
[BlackTeam "Niedersachsen"]
[PlyCount "66"]
[WhiteFideId "12942545"]
[BlackFideId "16244818"]
[EventCountry "GER"]
[EventRounds "7"]
[EventType "team-swiss"]
[EventDate "2022.09.30"]

1. d4 {[%clk 1:30:55]} Nf6 {[%clk 1:30:49]} 2. c4 {[%clk 1:31:20]} e6 {[%clk
1:31:11]} 3. Nc3 {[%clk 1:31:39]} Bb4 {[%clk 1:31:34]} 4. Qc2 {[%clk 1:31:32]}
d5 {[%clk 1:31:56]} 5. a3 {[%clk 1:31:40]} Bxc3+ {[%clk 1:32:19]} 6. Qxc3
{[%clk 1:32:06]} O-O {[%clk 1:32:13]} 7. Bg5 {[%clk 1:31:34]} h6 {[%clk
1:28:01]} 8. Bxf6 {[%clk 1:30:07]} Qxf6 {[%clk 1:28:19]} 9. e3 {[%clk 1:30:33]}
c5 {[%clk 1:26:33]} 10. Nf3 {[%clk 1:26:07]} Nc6 {[%clk 1:08:21]} 11. cxd5
{[%clk 1:11:09]} cxd4 {[%clk 1:08:43]} 12. Nxd4 {[%clk 1:11:31]} Nxd4 {[%clk
1:09:07]} 13. Qxd4 {[%clk 1:11:57]} Qxd4 {[%clk 1:09:31]} 14. exd4 {[%clk
1:12:23]} Rd8 {[%clk 1:09:49]} 15. Bc4 {[%clk 1:11:36]} exd5 {[%clk 1:10:12]}
16. Bb3 {[%clk 1:11:05]} a5 {[%clk 0:59:24]} 17. Bc2 {[%clk 0:57:55]} Be6
{[%clk 0:54:30]} 18. O-O-O {[%clk 0:55:33]} Kf8 {[%clk 0:51:03]} 19. Rhe1
{[%clk 0:54:10]} Rdc8 {[%clk 0:50:10]} 20. Kb1 {[%clk 0:53:37]} Ra6 {[%clk
0:48:40]} 21. Ba4 {[%clk 0:51:20]} Ke7 {[%clk 0:42:20]} 22. Rc1 {[%clk
0:50:05]} Raa8 {[%clk 0:42:44]} 23. Rxc8 {[%clk 0:45:21]} Rxc8 {[%clk 0:43:08]}
24. Bb5 {[%clk 0:45:43]} Kd6 {[%clk 0:43:23]} 25. Bd3 {[%clk 0:46:02]} Bd7
{[%clk 0:39:57]} 26. Rc1 {[%clk 0:43:32]} Re8 {[%clk 0:34:58]} 27. Kc2 {[%clk
0:43:30]} b6 {[%clk 0:32:26]} 28. Kd2 {[%clk 0:43:50]} Bc6 {[%clk 0:30:23]} 29.
Rc3 {[%clk 0:43:06]} Re7 {[%clk 0:29:54]} 30. Rb3 {[%clk 0:43:10]} Rb7 {[%clk
0:29:09]} 31. Rc3 {[%clk 0:42:17]} Re7 {[%clk 0:28:42]} 32. Rb3 {[%clk
0:41:10]} Rb7 {[%clk 0:27:18]} 33. Rc3 {[%clk 0:41:20]} Ke5 1/2-1/2

[Event "Deutsche Ländermeisterschaft 2022"]
[Site "Wiesbaden GER"]
[Date "2022.10.03"]
[Round "6"]
[White "Wong, Gengchun"]
[Black "Post, Hugo"]
[Result "1/2-1/2"]
[Termination "normal"]
[Board "4.1"]
[WhiteElo "2195"]
[BlackElo "2176"]
[WhiteClock "00:05:26"]
[BlackClock "00:06:06"]
[WhiteTeam "Sachsen"]
[BlackTeam "Sachsen-Anhalt"]
[PlyCount "111"]
[WhiteFideId "12963283"]
[BlackFideId "12962490"]
[EventCountry "GER"]
[EventRounds "7"]
[EventType "team-swiss"]
[EventDate "2022.09.30"]

1. e4 {[%clk 1:30:57]} c5 {[%clk 1:30:54]} 2. Nf3 {[%clk 1:31:24]} d6 {[%clk
1:31:21]} 3. d4 {[%clk 1:31:50]} cxd4 {[%clk 1:31:47]} 4. Nxd4 {[%clk 1:32:16]}
Nf6 {[%clk 1:32:10]} 5. Nc3 {[%clk 1:32:43]} a6 {[%clk 1:32:33]} 6. Bg5 {[%clk
1:32:49]} Nbd7 {[%clk 1:32:58]} 7. Qe2 {[%clk 1:33:11]} h6 {[%clk 1:33:24]} 8.
Bh4 {[%clk 1:32:47]} g6 {[%clk 1:33:48]} 9. O-O-O {[%clk 1:32:50]} e5 {[%clk
1:33:31]} 10. Nb3 {[%clk 1:29:09]} Be7 {[%clk 1:33:53]} 11. Bxf6 {[%clk
1:24:49]} Nxf6 {[%clk 1:34:03]} 12. g3 {[%clk 1:24:42]} Qc7 {[%clk 1:27:27]}
13. h4 {[%clk 1:22:04]} b5 {[%clk 1:18:39]} 14. Bh3 {[%clk 1:10:55]} Bxh3
{[%clk 1:02:01]} 15. Rxh3 {[%clk 1:11:21]} Rc8 {[%clk 1:01:43]} 16. Rhh1 {[%clk
1:02:50]} O-O {[%clk 0:50:33]} 17. Kb1 {[%clk 1:00:00]} b4 {[%clk 0:43:34]} 18.
Nd5 {[%clk 0:59:50]} Nxd5 {[%clk 0:43:52]} 19. Rxd5 {[%clk 0:59:58]} Qc4 {[%clk
0:43:22]} 20. Re1 {[%clk 0:49:15]} Qxe2 {[%clk 0:36:51]} 21. Rxe2 {[%clk
0:49:41]} Rc7 {[%clk 0:27:09]} 22. Nd2 {[%clk 0:44:36]} f5 {[%clk 0:26:01]} 23.
exf5 {[%clk 0:44:36]} gxf5 {[%clk 0:26:00]} 24. Kc1 {[%clk 0:44:22]} Kf7 {[%clk
0:24:48]} 25. f4 {[%clk 0:18:03]} Rg8 {[%clk 0:19:12]} 26. fxe5 {[%clk
0:13:24]} Rxg3 {[%clk 0:19:30]} 27. Nf1 {[%clk 0:11:04]} Rg1 {[%clk 0:19:33]}
28. exd6 {[%clk 0:07:04]} Rxf1+ {[%clk 0:19:58]} 29. Kd2 {[%clk 0:07:32]} Rd7
{[%clk 0:18:17]} 30. Rxe7+ {[%clk 0:07:53]} Rxe7 {[%clk 0:18:44]} 31. dxe7
{[%clk 0:08:19]} Kxe7 {[%clk 0:19:10]} 32. Ra5 {[%clk 0:01:18]} Rh1 {[%clk
0:18:46]} 33. Rxf5 {[%clk 0:01:05]} Rxh4 {[%clk 0:19:08]} 34. Ra5 {[%clk
0:01:26]} Rd4+ {[%clk 0:19:05]} 35. Ke3 {[%clk 0:01:51]} Rd6 {[%clk 0:19:27]}
36. a3 {[%clk 0:01:16]} bxa3 {[%clk 0:18:46]} 37. Rxa3 {[%clk 0:01:41]} Rb6
{[%clk 0:15:00]} 38. c4 {[%clk 0:01:20]} Rxb2 {[%clk 0:12:59]} 39. Rxa6 {[%clk
0:01:30]} h5 {[%clk 0:11:22]} 40. Rh6 {[%clk 0:01:34]} Kd7 {[%clk 0:07:12]} 41.
Kd4 {[%clk 0:01:17]} Rg2 {[%clk 0:07:01]} 42. Rxh5 {[%clk 0:01:35]} Rg6 {[%clk
0:07:24]} 43. Kc5 {[%clk 0:01:50]} Kc7 {[%clk 0:07:38]} 44. Kb5 {[%clk
0:01:40]} Rb6+ {[%clk 0:06:46]} 45. Kc5 {[%clk 0:02:06]} Rc6+ {[%clk 0:07:11]}
46. Kd4 {[%clk 0:02:31]} Rg6 {[%clk 0:07:34]} 47. Rc5+ {[%clk 0:02:36]} Kd7
{[%clk 0:06:36]} 48. Kc3 {[%clk 0:02:10]} Rb6 {[%clk 0:04:59]} 49. Rh5 {[%clk
0:02:35]} Kc7 {[%clk 0:04:50]} 50. Rh7+ {[%clk 0:02:57]} Kc8 {[%clk 0:05:15]}
51. Kd4 {[%clk 0:03:23]} Rg6 {[%clk 0:05:37]} 52. Kc5 {[%clk 0:03:45]} Rf6
{[%clk 0:05:46]} 53. Kb5 {[%clk 0:04:11]} Rg6 {[%clk 0:05:50]} 54. c5 {[%clk
0:04:37]} Rf6 {[%clk 0:05:48]} 55. c6 {[%clk 0:04:59]} Rf1 {[%clk 0:06:06]} 56.
Rh8+ {[%clk 0:05:26]} 1/2-1/2

[Event "Deutsche Ländermeisterschaft 2022"]
[Site "Wiesbaden GER"]
[Date "2022.10.03"]
[Round "6"]
[White "Pikalow, Michael"]
[Black "Hassemeier, Mika"]
[Result "0-1"]
[Termination "normal"]
[Board "4.2"]
[WhiteElo "2037"]
[BlackElo "2095"]
[WhiteClock "00:01:14"]
[BlackClock "00:00:33"]
[WhiteTeam "Sachsen-Anhalt"]
[BlackTeam "Sachsen"]
[PlyCount "88"]
[WhiteFideId "16227638"]
[BlackFideId "12994880"]
[EventCountry "GER"]
[EventRounds "7"]
[EventType "team-swiss"]
[EventDate "2022.09.30"]

1. e4 {[%clk 1:30:57]} d6 {[%clk 1:30:54]} 2. d4 {[%clk 1:31:21]} Nf6 {[%clk
1:31:19]} 3. Nc3 {[%clk 1:31:48]} e5 {[%clk 1:31:39]} 4. dxe5 {[%clk 1:31:18]}
dxe5 {[%clk 1:32:02]} 5. Qxd8+ {[%clk 1:31:38]} Kxd8 {[%clk 1:32:24]} 6. Bc4
{[%clk 1:31:31]} Ke8 {[%clk 1:32:46]} 7. f3 {[%clk 1:27:42]} c6 {[%clk
1:30:32]} 8. Bg5 {[%clk 1:26:27]} Bc5 {[%clk 1:23:20]} 9. Nge2 {[%clk 1:23:06]}
b5 {[%clk 1:18:30]} 10. Bxf6 {[%clk 1:19:24]} gxf6 {[%clk 1:14:56]} 11. Nxb5
{[%clk 1:16:37]} Na6 {[%clk 1:15:12]} 12. Nbc3 {[%clk 1:15:58]} Nc7 {[%clk
1:11:05]} 13. O-O-O Ke7 {[%clk 1:08:50]} 14. Rd3 {[%clk 1:05:58]} Ne6 {[%clk
1:05:33]} 15. Rhd1 {[%clk 1:04:49]} h5 {[%clk 0:58:11]} 16. Na4 {[%clk
0:57:00]} Bf2 {[%clk 0:55:25]} 17. Kb1 {[%clk 0:46:22]} h4 {[%clk 0:52:47]} 18.
Rf1 {[%clk 0:31:38]} Bb6 {[%clk 0:51:31]} 19. Nxb6 {[%clk 0:26:55]} axb6 {[%clk
0:51:46]} 20. Rfd1 {[%clk 0:26:14]} Ra7 {[%clk 0:44:15]} 21. b4 {[%clk
0:20:51]} Bd7 {[%clk 0:40:50]} 22. a3 {[%clk 0:17:28]} Rha8 {[%clk 0:34:12]}
23. Kb2 {[%clk 0:17:37]} b5 {[%clk 0:25:18]} 24. Ba2 {[%clk 0:15:52]} c5 {[%clk
0:24:30]} 25. Bd5 {[%clk 0:14:54]} Rc8 {[%clk 0:22:02]} 26. c3 {[%clk 0:13:04]}
c4 {[%clk 0:18:45]} 27. Re3 {[%clk 0:12:24]} Nc7 {[%clk 0:12:00]} 28. f4 {[%clk
0:09:17]} Bg4 {[%clk 0:11:33]} 29. h3 {[%clk 0:09:04]} exf4 {[%clk 0:11:18]}
30. hxg4 {[%clk 0:06:14]} fxe3 {[%clk 0:11:43]} 31. Nd4 {[%clk 0:06:27]} Nxd5
{[%clk 0:08:08]} 32. exd5 {[%clk 0:06:55]} Rb7 {[%clk 0:07:36]} 33. Nf5+ {[%clk
0:04:18]} Kd7 {[%clk 0:07:50]} 34. Nxe3 {[%clk 0:02:54]} Re8 {[%clk 0:07:33]}
35. Nf5 {[%clk 0:02:22]} Re2+ {[%clk 0:06:41]} 36. Kb1 {[%clk 0:02:14]} Ra7
{[%clk 0:04:50]} 37. Nd4 {[%clk 0:02:08]} Rxg2 {[%clk 0:05:13]} 38. Nxb5 {[%clk
0:02:17]} Ra8 {[%clk 0:04:55]} 39. Rf1 {[%clk 0:01:30]} Re8 {[%clk 0:02:23]}
40. a4 {[%clk 0:00:34]} h3 {[%clk 0:02:33]} 41. Nd4 {[%clk 0:00:36]} h2 {[%clk
0:01:13]} 42. Nf3 {[%clk 0:00:49]} Re3 {[%clk 0:01:18]} 43. Nxh2 {[%clk
0:00:49]} Rxh2 {[%clk 0:01:43]} 44. a5 {[%clk 0:01:14]} Rxc3 {[%clk 0:00:33]}
0-1

[Event "Deutsche Ländermeisterschaft 2022"]
[Site "Wiesbaden GER"]
[Date "2022.10.03"]
[Round "6"]
[White "Heinrich, John"]
[Black "Haubold, Sebastian"]
[Result "1-0"]
[Termination "normal"]
[Board "4.3"]
[WhiteElo "2139"]
[BlackElo "2039"]
[WhiteClock "00:10:16"]
[BlackClock "00:08:09"]
[WhiteTeam "Sachsen"]
[BlackTeam "Sachsen-Anhalt"]
[PlyCount "79"]
[WhiteFideId "16259491"]
[BlackFideId "16259637"]
[EventCountry "GER"]
[EventRounds "7"]
[EventType "team-swiss"]
[EventDate "2022.09.30"]

1. e4 {[%clk 1:30:57]} e5 {[%clk 1:30:49]} 2. Nf3 {[%clk 1:31:21]} Nc6 {[%clk
1:31:12]} 3. Bb5 {[%clk 1:31:39]} a6 {[%clk 1:31:31]} 4. Ba4 {[%clk 1:32:06]}
Nf6 {[%clk 1:31:45]} 5. O-O {[%clk 1:32:07]} Be7 {[%clk 1:32:00]} 6. d3 {[%clk
1:32:28]} d6 {[%clk 1:31:43]} 7. c3 {[%clk 1:29:26]} b5 {[%clk 1:31:07]} 8. Bc2
{[%clk 1:29:37]} O-O {[%clk 1:28:33]} 9. a4 {[%clk 1:28:57]} Bb7 {[%clk
1:24:58]} 10. Re1 {[%clk 1:28:55]} Re8 {[%clk 1:21:55]} 11. Nbd2 {[%clk
1:27:41]} Bf8 {[%clk 1:20:50]} 12. Nf1 {[%clk 1:26:15]} g6 {[%clk 1:17:17]} 13.
Ng3 {[%clk 1:22:38]} Bg7 {[%clk 1:16:12]} 14. d4 {[%clk 1:16:53]} exd4 {[%clk
1:13:34]} 15. cxd4 {[%clk 1:17:05]} Nb4 {[%clk 1:08:41]} 16. Bb3 {[%clk
1:09:24]} c5 {[%clk 0:58:40]} 17. d5 {[%clk 1:05:20]} Ng4 {[%clk 0:54:21]} 18.
Re2 {[%clk 0:54:46]} Rc8 {[%clk 0:39:59]} 19. Bc2 {[%clk 0:49:19]} Rc7 {[%clk
0:34:16]} 20. h3 {[%clk 0:42:43]} Ne5 {[%clk 0:34:34]} 21. Ne1 {[%clk 0:42:58]}
h5 {[%clk 0:29:36]} 22. f4 {[%clk 0:39:50]} Nc4 {[%clk 0:29:49]} 23. Bd3 {[%clk
0:22:59]} Nxd3 {[%clk 0:25:47]} 24. Qxd3 {[%clk 0:22:00]} Rce7 {[%clk 0:25:37]}
25. Nf3 {[%clk 0:20:31]} h4 {[%clk 0:21:52]} 26. Nxh4 {[%clk 0:20:23]} Bd4+
{[%clk 0:22:17]} 27. Kh2 {[%clk 0:20:10]} Bxd5 {[%clk 0:18:40]} 28. Nf3 {[%clk
0:16:00]} Nxb2 {[%clk 0:15:34]} 29. Rxb2 {[%clk 0:15:06]} Bc4 {[%clk 0:15:24]}
30. Qd2 {[%clk 0:14:58]} Bxb2 {[%clk 0:15:46]} 31. Bxb2 {[%clk 0:15:24]} Rb7
{[%clk 0:14:31]} 32. Qc3 {[%clk 0:15:21]} f6 {[%clk 0:14:54]} 33. axb5 {[%clk
0:13:35]} axb5 {[%clk 0:15:09]} 34. f5 {[%clk 0:13:02]} Bf7 {[%clk 0:14:38]}
35. Qe3 {[%clk 0:11:36]} Kh7 {[%clk 0:09:41]} 36. Qf4 {[%clk 0:09:08]} g5
{[%clk 0:08:38]} 37. Qg4 {[%clk 0:09:21]} Rg8 {[%clk 0:07:23]} 38. Nh5 {[%clk
0:09:32]} Bxh5 {[%clk 0:07:46]} 39. Qxh5+ {[%clk 0:09:57]} Kg7 {[%clk 0:08:09]}
40. Nxg5 {[%clk 0:10:16]} 1-0

[Event "Deutsche Ländermeisterschaft 2022"]
[Site "Wiesbaden GER"]
[Date "2022.10.03"]
[Round "6"]
[White "Haubold, Christian"]
[Black "Kempe, Caius Emilian"]
[Result "1-0"]
[Termination "normal"]
[Board "4.4"]
[WhiteElo "1888"]
[BlackElo "2030"]
[WhiteClock "00:13:05"]
[BlackClock "00:26:38"]
[WhiteTeam "Sachsen-Anhalt"]
[BlackTeam "Sachsen"]
[PlyCount "65"]
[WhiteFideId "16259629"]
[BlackFideId "16246861"]
[EventCountry "GER"]
[EventRounds "7"]
[EventType "team-swiss"]
[EventDate "2022.09.30"]

1. e4 {[%clk 1:30:57]} e6 {[%clk 1:30:59]} 2. d4 {[%clk 1:31:16]} d5 {[%clk
1:31:25]} 3. Nd2 {[%clk 1:31:39]} c5 {[%clk 1:31:49]} 4. exd5 {[%clk 1:31:54]}
Qxd5 {[%clk 1:32:12]} 5. Ngf3 {[%clk 1:32:10]} cxd4 {[%clk 1:32:30]} 6. Bc4
{[%clk 1:32:14]} Qd7 {[%clk 1:32:46]} 7. O-O {[%clk 1:31:50]} Nc6 {[%clk
1:33:10]} 8. Qe2 {[%clk 1:27:27]} a6 {[%clk 1:30:15]} 9. a4 {[%clk 1:26:26]}
Qc7 {[%clk 1:25:26]} 10. Nb3 {[%clk 1:20:08]} Bd6 {[%clk 1:25:02]} 11. Rd1
{[%clk 1:18:23]} Nge7 {[%clk 1:22:21]} 12. h3 {[%clk 1:14:06]} O-O {[%clk
1:14:49]} 13. Nbxd4 {[%clk 1:11:56]} Kh8 {[%clk 1:04:03]} 14. b3 {[%clk
0:58:34]} Na5 {[%clk 1:02:17]} 15. Ng5 {[%clk 0:52:59]} Nxc4 {[%clk 0:45:46]}
16. Qh5 {[%clk 0:51:47]} h6 {[%clk 0:43:52]} 17. Nxf7+ {[%clk 0:37:47]} Rxf7
{[%clk 0:41:40]} 18. Qxf7 {[%clk 0:34:18]} Ne5 {[%clk 0:41:49]} 19. Qf8+ {[%clk
0:33:21]} Ng8 {[%clk 0:39:00]} 20. Nxe6 {[%clk 0:32:55]} Bxf8 {[%clk 0:33:48]}
21. Nxc7 {[%clk 0:33:19]} Rb8 {[%clk 0:34:15]} 22. Bf4 {[%clk 0:31:54]} Ng6
{[%clk 0:34:14]} 23. Nxa6 {[%clk 0:31:28]} Ra8 {[%clk 0:31:35]} 24. Nc7 {[%clk
0:31:31]} Ra5 {[%clk 0:31:29]} 25. Be3 {[%clk 0:30:32]} Nf6 {[%clk 0:30:47]}
26. Rd8 {[%clk 0:27:00]} Bd7 {[%clk 0:29:54]} 27. Bd4 {[%clk 0:24:02]} Bc6
{[%clk 0:29:19]} 28. Ne6 {[%clk 0:21:49]} Kg8 {[%clk 0:29:40]} 29. Nxf8 {[%clk
0:21:07]} Nxf8 {[%clk 0:30:08]} 30. Bxf6 {[%clk 0:20:11]} gxf6 {[%clk 0:30:37]}
31. c4 {[%clk 0:17:48]} Kf7 {[%clk 0:29:42]} 32. b4 {[%clk 0:13:00]} Ke7 {[%clk
0:26:38]} 33. Rxf8 {[%clk 0:13:05]} 1-0

[Event "Deutsche Ländermeisterschaft 2022"]
[Site "Wiesbaden GER"]
[Date "2022.10.03"]
[Round "6"]
[White "Neuhoff, Laertes"]
[Black "Voigt, Anastasia"]
[Result "1-0"]
[Termination "normal"]
[Board "4.5"]
[WhiteElo "1885"]
[BlackElo "1772"]
[WhiteClock "00:12:33"]
[BlackClock "00:39:03"]
[WhiteTeam "Sachsen"]
[BlackTeam "Sachsen-Anhalt"]
[PlyCount "105"]
[WhiteFideId "16279719"]
[BlackFideId "16235223"]
[EventCountry "GER"]
[EventRounds "7"]
[EventType "team-swiss"]
[EventDate "2022.09.30"]

1. e4 {[%clk 1:30:59]} e5 {[%clk 1:30:55]} 2. Nf3 {[%clk 1:31:25]} Nc6 {[%clk
1:31:19]} 3. Bc4 {[%clk 1:31:51]} Bc5 {[%clk 1:31:44]} 4. c3 {[%clk 1:32:14]}
Nf6 {[%clk 1:32:10]} 5. d4 {[%clk 1:32:37]} exd4 {[%clk 1:32:35]} 6. e5 {[%clk
1:32:53]} d5 {[%clk 1:32:55]} 7. Bb5 {[%clk 1:33:16]} Ne4 {[%clk 1:33:11]} 8.
cxd4 {[%clk 1:33:37]} Bb6 {[%clk 1:33:36]} 9. Nc3 {[%clk 1:33:41]} O-O {[%clk
1:32:00]} 10. Be3 {[%clk 1:33:45]} Bg4 {[%clk 1:31:06]} 11. h3 {[%clk 1:33:49]}
Bh5 {[%clk 1:31:17]} 12. Qc2 {[%clk 1:33:55]} Bg6 {[%clk 1:31:12]} 13. Qb3
{[%clk 1:33:32]} Ne7 {[%clk 1:29:55]} 14. O-O {[%clk 1:33:36]} c6 {[%clk
1:29:14]} 15. Bd3 {[%clk 1:32:35]} Nd2 {[%clk 1:26:26]} 16. Nxd2 {[%clk
1:32:12]} Bxd3 17. Rfe1 {[%clk 1:26:53]} Bg6 {[%clk 1:27:07]} 18. Na4 {[%clk
1:26:19]} Nf5 {[%clk 1:25:46]} 19. Nxb6 {[%clk 1:14:38]} axb6 {[%clk 1:26:09]}
20. Rac1 {[%clk 1:07:30]} f6 {[%clk 1:16:45]} 21. f4 {[%clk 0:53:54]} Kh8
{[%clk 1:10:28]} 22. Bf2 {[%clk 0:49:33]} fxe5 {[%clk 1:06:30]} 23. fxe5 {[%clk
0:43:48]} Qe7 {[%clk 0:55:22]} 24. a3 {[%clk 0:39:43]} Ra6 {[%clk 0:51:08]} 25.
Nf3 {[%clk 0:38:35]} Bf7 {[%clk 0:48:10]} 26. Qd3 {[%clk 0:27:49]} Be8 {[%clk
0:46:09]} 27. Rf1 {[%clk 0:21:57]} Bg6 {[%clk 0:42:57]} 28. Qb3 {[%clk
0:17:56]} Nh6 {[%clk 0:40:45]} 29. Be1 {[%clk 0:14:34]} Rc8 {[%clk 0:37:45]}
30. Bb4 {[%clk 0:11:07]} Qd7 {[%clk 0:36:53]} 31. Ng5 {[%clk 0:07:53]} Bf5
{[%clk 0:34:48]} 32. e6 {[%clk 0:07:12]} Bxe6 {[%clk 0:32:09]} 33. Rce1 {[%clk
0:05:28]} Bg8 {[%clk 0:29:14]} 34. Re7 {[%clk 0:05:11]} Qd8 {[%clk 0:26:56]}
35. Qe3 {[%clk 0:02:43]} Rc7 {[%clk 0:22:47]} 36. Re8 {[%clk 0:02:41]} Qd7
{[%clk 0:22:38]} 37. Rff8 {[%clk 0:01:00]} c5 {[%clk 0:18:54]} 38. Nf7+ {[%clk
0:00:38]} Qxf7 {[%clk 0:18:28]} 39. Rxf7 {[%clk 0:00:54]} Rxf7 {[%clk 0:18:44]}
40. Bd2 {[%clk 0:00:35]} Rf6 {[%clk 0:15:51]} 41. Qe7 {[%clk 0:27:11]} b5
{[%clk 0:41:19]} 42. Bxh6 {[%clk 0:27:17]} gxh6 {[%clk 0:41:40]} 43. Qd8 {[%clk
0:23:30]} Rg6 {[%clk 0:42:03]} 44. Qxd5 {[%clk 0:23:50]} cxd4 {[%clk 0:42:13]}
45. Qxd4+ {[%clk 0:24:18]} Rgf6 {[%clk 0:42:09]} 46. Qd8 {[%clk 0:23:13]} Rg6
{[%clk 0:42:31]} 47. Rf8 {[%clk 0:23:01]} Rac6 {[%clk 0:42:07]} 48. Qd4+ {[%clk
0:21:34]} Rg7 {[%clk 0:42:31]} 49. Rb8 {[%clk 0:21:32]} Rcg6 {[%clk 0:40:40]}
50. g4 {[%clk 0:16:16]} h5 {[%clk 0:39:07]} 51. Qe5 {[%clk 0:12:24]} hxg4
{[%clk 0:38:43]} 52. Rxg8+ {[%clk 0:12:33]} Kxg8 {[%clk 0:39:03]} 53. Qe8# 1-0

[Event "Deutsche Ländermeisterschaft 2022"]
[Site "Wiesbaden GER"]
[Date "2022.10.03"]
[Round "6"]
[White "Pohle, Saskia"]
[Black "Glowiak, Alexandra"]
[Result "0-1"]
[Termination "normal"]
[Board "4.6"]
[WhiteElo "1756"]
[BlackElo "1602"]
[WhiteClock "00:07:29"]
[BlackClock "00:08:26"]
[WhiteTeam "Sachsen-Anhalt"]
[BlackTeam "Sachsen"]
[PlyCount "116"]
[WhiteFideId "16201604"]
[BlackFideId "16259530"]
[EventCountry "GER"]
[EventRounds "7"]
[EventType "team-swiss"]
[EventDate "2022.09.30"]

1. e4 {[%clk 1:30:59]} e5 {[%clk 1:30:55]} 2. Nf3 {[%clk 1:31:25]} Nc6 {[%clk
1:31:17]} 3. Bb5 {[%clk 1:31:50]} a6 {[%clk 1:31:41]} 4. Ba4 {[%clk 1:32:16]}
Nf6 {[%clk 1:31:59]} 5. O-O {[%clk 1:32:36]} b5 {[%clk 1:32:16]} 6. Bb3 {[%clk
1:33:00]} Be7 {[%clk 1:32:30]} 7. Re1 {[%clk 1:33:24]} d6 {[%clk 1:32:34]} 8.
c3 {[%clk 1:33:15]} Na5 {[%clk 1:27:45]} 9. Bc2 {[%clk 1:33:34]} c5 {[%clk
1:27:38]} 10. h3 {[%clk 1:31:51]} O-O {[%clk 1:26:53]} 11. d4 {[%clk 1:30:25]}
Qc7 {[%clk 1:24:54]} 12. Nbd2 {[%clk 1:30:32]} Bd7 {[%clk 1:22:36]} 13. Nf1
{[%clk 1:29:27]} Rfe8 {[%clk 1:16:35]} 14. Ng3 {[%clk 1:28:43]} g6 {[%clk
1:07:16]} 15. Bg5 {[%clk 1:24:06]} Kg7 16. dxe5 {[%clk 1:16:44]} dxe5 {[%clk
0:59:36]} 17. Nxe5 Bxh3 {[%clk 0:47:57]} 18. gxh3 {[%clk 1:08:30]} Qxe5 {[%clk
0:48:10]} 19. f4 {[%clk 1:02:37]} Qc7 {[%clk 0:47:18]} 20. Bxf6+ {[%clk
0:55:46]} Bxf6 {[%clk 0:46:26]} 21. Qg4 {[%clk 0:56:05]} Kh8 {[%clk 0:37:14]}
22. Re2 {[%clk 0:51:13]} Rg8 {[%clk 0:34:14]} 23. e5 {[%clk 0:49:06]} Be7
{[%clk 0:24:19]} 24. Kh2 {[%clk 0:41:06]} Nc6 {[%clk 0:21:49]} 25. Rg1 {[%clk
0:37:51]} Raf8 {[%clk 0:12:05]} 26. Nf5 {[%clk 0:29:22]} gxf5 {[%clk 0:10:33]}
27. Qxf5 {[%clk 0:29:39]} Rg6 {[%clk 0:10:42]} 28. Qh5 {[%clk 0:28:35]} Rfg8
{[%clk 0:08:40]} 29. Bxg6 {[%clk 0:27:41]} fxg6 {[%clk 0:07:51]} 30. Reg2
{[%clk 0:26:17]} Bf8 {[%clk 0:04:57]} 31. Qg4 {[%clk 0:22:17]} Ne7 {[%clk
0:04:01]} 32. Qe6 {[%clk 0:20:56]} Qc8 {[%clk 0:02:20]} 33. Qf6+ {[%clk
0:18:54]} Rg7 {[%clk 0:02:17]} 34. Rd1 {[%clk 0:12:00]} Kg8 {[%clk 0:01:35]}
35. Qg5 {[%clk 0:07:53]} Qf5 {[%clk 0:01:31]} 36. Rd6 {[%clk 0:06:13]} Qxg5
{[%clk 0:01:24]} 37. fxg5 {[%clk 0:06:20]} a5 {[%clk 0:01:15]} 38. Ra6 {[%clk
0:06:21]} Nf5 {[%clk 0:00:59]} 39. Rxa5 {[%clk 0:06:21]} b4 {[%clk 0:01:18]}
40. cxb4 {[%clk 0:05:19]} cxb4 {[%clk 0:01:38]} 41. Ra8 {[%clk 0:02:10]} Re7
{[%clk 0:29:17]} 42. Rg4 {[%clk 0:28:08]} Rb7 {[%clk 0:19:30]} 43. Rc4 {[%clk
0:21:43]} Kf7 {[%clk 0:19:14]} 44. e6+ {[%clk 0:19:45]} Ke7 {[%clk 0:18:26]}
45. Rcc8 {[%clk 0:17:26]} Bg7 {[%clk 0:18:29]} 46. Re8+ {[%clk 0:15:36]} Kd6
{[%clk 0:18:51]} 47. Rad8+ {[%clk 0:15:12]} Kc6 {[%clk 0:18:08]} 48. Rc8+
{[%clk 0:13:08]} Rc7 {[%clk 0:16:17]} 49. Rb8 {[%clk 0:12:03]} Bxb2 {[%clk
0:14:14]} 50. Rxb4 {[%clk 0:12:26]} Be5+ {[%clk 0:12:18]} 51. Ra8 {[%clk
0:10:10]} Nd6+ {[%clk 0:08:05]} 52. a4 {[%clk 0:09:05]} Kd5+ {[%clk 0:08:18]}
53. a5 {[%clk 0:09:04]} Kxe6+ {[%clk 0:07:52]} 54. Kg2 {[%clk 0:09:04]} Rc2+
{[%clk 0:07:52]} 55. Kf3 {[%clk 0:09:04]} Rc3+ {[%clk 0:07:54]} 56. Kf2 {[%clk
0:08:05]} Rxh3 {[%clk 0:08:38]} 57. a6 {[%clk 0:07:15]} Ra3 {[%clk 0:08:08]}
58. Rh4 {[%clk 0:07:29]} Bg3+ {[%clk 0:08:26]} 0-1